غنية الناسك في علم المناسك / (Record no. 128227)

MARC details
000 -الفاتح
عناصر البيانات ثابتة الطول 00949cam a2200241 i 4500
005 - تاريخ ووقت آخر معاملة
حقل ضبط 20251210111230.0
008 - عناصر البيانات ثابتة الطول
عناصر البيانات ثابتة الطول 250721r2012 jo gr 000 0 ara d
020 ## - الترقيم الدولي المعياري للكتب (ردمك)
الترقيم الدولي المعياري للكتب (ردمك) 9789957231453
082 14 - رقم تصنيف ديوي العشري
رقم التصنيف 216.25
رقم المادة س ب ت
100 1# - مدخل رئيسي – اسم شخصي
الاسم الشخصي السبتي، لأبي عبدالله محمد بن علي بن معلى القيسي
علاقة الشخص بالعمل/ دوره مؤلف.
245 10 - بيان العنوان
العنوان غنية الناسك في علم المناسك /
بيان المسؤولية تاليف ابي عبدالله محمد بن علي بن معلي القيسي السبتي.
250 ## - بيان الطبعة
بيان الطبعة الطبعة الاولى.
264 31 - بيانات النشر، التوزيع…إلخ
مكان النشر، التوزيع...إلخ عمان :
اسم الناشر، الموزع...إلخ دار الفتح للدراسات و النشر،
تاريخ النشر، التوزيع...إلخ 2012.
300 ## - الوصف المادي
عدد الوحدات المكونة للوعاء 392 صفحة.
650 17 - مدخل إضافي بالموضوع - مصطلح موضوعي
مصطلح موضوعي أو اسم جغرافي كعنصر مدخل الحج.
650 17 - مدخل إضافي بالموضوع - مصطلح موضوعي
مصطلح موضوعي أو اسم جغرافي كعنصر مدخل الإحرام.
650 17 - مدخل إضافي بالموضوع - مصطلح موضوعي
مصطلح موضوعي أو اسم جغرافي كعنصر مدخل الطواف.
650 17 - مدخل إضافي بالموضوع - مصطلح موضوعي
مصطلح موضوعي أو اسم جغرافي كعنصر مدخل الفقه الإسلامي.
653 ## - رأس موضوع – غير مقيد
المصطلح / رأس الموضوع غير المقيد مناسك الحج
700 1# - مدخل إضافي - اسم شخصي
الاسم الشخصي أبو الأجفان، محمد بن الهادي
علاقة الشخص بالعمل/ دوره محقق.
942 ## - بيانات إضافية (كوها)
نوع التنصيف Dewey Decimal Classification
نوع المادة (كوها) Books
Holdings
حالة السحب حالة الفقدان مصدر التصنيف حالة التلف غير قابل للإعارة المكتبة الرئيسية المكتبة الحالية موقع الرف تاريخ التزويد الرقم المتسلسل Total Checkouts رقم الإستدعاء الباركود تاريخ آخر ظهور تاريخ الفاتورة نوع المادة (كوها)
    Dewey Decimal Classification     المكتبة المركزية المكتبة المركزية الإعارة 28/07/2025 1566279   216.25 / س ب ت PLD00292023 28/07/2025 28/07/2025 Books
    Dewey Decimal Classification     مكتبة الجويدة مكتبة الجويدة الإعارة 16/01/2014 1566282   216.25/سبت PLD00292187 28/07/2025 16/01/2014 Books
    Dewey Decimal Classification     مكتبة حمزة العامة مكتبة حمزة العامة الإعارة 16/01/2014 1566283   216.25/سبت PLD00292188 28/07/2025 16/01/2014 Books
    Dewey Decimal Classification     مكتبةمؤتة مكتبةمؤتة الإعارة 16/01/2014 1566280   216.25/سبت PLD00292185 28/07/2025 16/01/2014 Books
Implemented & Customized by: BBB with SCIT (Smart Chains for Information Technology)

Powered by Koha